01762nam a2200385 i 4500001000700000003000800007005001700015006001900032007001500051008004100066020002800107035002200135040003100157050002200188080001200210082001700222100004100239245028700280264005000567300004100617336003100658337003300689338004300722504002900765588008300794590016200877650003901039650007301078655002701151700004201178700005601220797001801276856006301294999001901357136030FINmELB20241217181007.0m o u cr cn|||||||||241121s2023 ck ob 000 0 spa d a9789587567021q(e-book) a(OCoLC)1472951122 aFINmELBbspaerdacFINmELB14aLC1085bB826 2023 a378.14704a378.10352231 aBravo Rojas, Shirley Lorena,eautor.13aLa vinculación universidad-actores económicos y el desafío del desarrollo sostenible en el nuevo escenario global :bretos y oportunidades /cShirley Lorena Bravo Rojas y Bayron Dario Becerra Muñoz ; coordinadores María del Pilar Ramírez Salazar y Celso Garrido Noriega. 1aBogotá :bEditorial Universidad EAN,c2023. a1 recurso en línea (544 páginas) atextobtxt2rdacontent/spa acomputadorabc2rdamedia/spa arecurso en líneabcr2rdacarrier/spa aContiene bibliografía. aDescripción basada en metadatos suministrados por el editor y otras fuentes. aRecurso electrónico. Santa Fe, Arg.: elibro, 2024. Disponible vía World Wide Web. El acceso puede estar limitado para las bibliotecas afiliadas a elibro. 4aCooperación universidad empresa. 4aProductividad industrialxEfecto de las innovaciones tecnológicas. 4aLibros electrónicos.1 aGarrido Noguera, Celso,ecoordinador.1 aRamírez Salazar, María del Pilar,ecoordinador.2 aelibro, Corp.40uhttps://elibro.net/ereader/politecnicointernacional/274736 c136030d136030